[Event "CP-2011-P-00061"]
[Site "LSS email"]
[Date "2011.09.30"]
[Round "?"]
[White "Stadler, Pavel"]
[Black "Kloc, Zdenek"]
[Result "1/2-1/2"]
[WhiteElo "1199"]
[BlackElo "2133"]
[PlyCount "53"]
[EventDate "2011.10.01"]
[EventType "tourn (corr)"]
[EventRounds "6"]
[EventCountry "GER"]
[SourceTitle "Telechess CBM 155"]
[Source "ChessBase"]
[SourceDate "2013.07.16"]
[SourceVersion "1"]
[SourceVersionDate "2013.07.16"]
[SourceQuality "1"]

1. e4 e5 2. Nf3 Nc6 3. d4 exd4 4. Nxd4 Bc5 5. Be3 Qf6 6. c3 Nge7 7. g3 d5 8. Bg2 dxe4 9. 0-0 0-0 10. Nd2 Bb6 11. Nxe4 Qg6 12. Re1 Bg4 13. Qa4 Nxd4 14. Bxd4 Nc6 15. h3 Nxd4 16. cxd4 Be6 17. Nc5 Rad8 18. Rad1 Qf6 19. Re2 Bc8 20. Nxb7 Rxd4 21. Rxd4 Bxd4 22. b3 c5 23. Na5 Ba6 24. Nc4 g6 25. Qc6 Kg7 26. Qxf6+ Kxf6 27. Bf3 1/2-1/2